00478nam a22001697a 450000500170000001000130001702000260003003500110005603700160006708200080008310000220009124500490011324600490016226000300021127000440024130000230028520200312111759.0 aUR-10747 c570.00a9788192747750 aU-9302 bDBAD/PUBa- a841 aجعفر ر ضا  aا حسا س کا سفر cجعفر ر ضا  bAhsas Ka Safar (Urdu)aby Saiyed Jafar Raza aDelhibShabistanc2019 ء a786,Shah Ganj,bAllahabade211003k-l- a143 ص c22 Cm(Hb)